Grammar one : teacher's book /

Guardado en:
Autor Principal: Harper, Kathryn
Formato: Libro
Publicado: New York : Oxford University, 1992
Materias:
Etiquetas: Agregar Etiqueta
Sin Etiquetas, Sea el primero en etiquetar este registro!
LEADER 00597nam a22001935a 4500
001 CEM.cems010018
008 130507s1992##################000#0#####d
005 20211112133617.0
003 CEMS
245 1 0 |a Grammar one :  |b teacher's book /  |c Kathryn Harper 
260 |a New York :  |b Oxford University,  |c 1992 
300 |a 78 p. 
020 |a 0194314502 
100 1 |a Harper, Kathryn 
082 0 4 |a 428.64 
653 |a Inglés 
653 |a Inglés-textos 
859 |a CEMS  |b BIB. CEMS - Agricultura  |h 428.64  |i Se42-1/I  |p A18756.95  |t Ej.1  |3 I 
859 |a CEMS  |b BIB. CEMS - 11 de abril  |h 428.64  |i Se42-1  |p 20282.99  |t Ej.1  |v I  |3 I